<?xml version="1.0" encoding="UTF-8"?>
<record
    xmlns:xsi="http://www.w3.org/2001/XMLSchema-instance"
    xsi:schemaLocation="http://www.loc.gov/MARC21/slim http://www.loc.gov/standards/marcxml/schema/MARC21slim.xsd"
    xmlns="http://www.loc.gov/MARC21/slim">

  <leader>03364cam a22003255i 4500</leader>
  <controlfield tag="001">17395163</controlfield>
  <controlfield tag="003">EG-ScBUE</controlfield>
  <controlfield tag="005">20260311100716.0</controlfield>
  <controlfield tag="008">120720t2013    flua   f b    001 0 eng d</controlfield>
  <datafield tag="020" ind1=" " ind2=" ">
    <subfield code="a">9780849328015</subfield>
  </datafield>
  <datafield tag="040" ind1=" " ind2=" ">
    <subfield code="a">EG-ScBUE</subfield>
    <subfield code="b">eng</subfield>
    <subfield code="e">rda</subfield>
    <subfield code="c">EG-ScBUE</subfield>
    <subfield code="d">EG-ScBUE</subfield>
  </datafield>
  <datafield tag="082" ind1="0" ind2="4">
    <subfield code="a">572.330285</subfield>
    <subfield code="b">DUA</subfield>
    <subfield code="2">22</subfield>
  </datafield>
  <datafield tag="100" ind1="1" ind2=" ">
    <subfield code="a">Dua, Sumeet,</subfield>
    <subfield code="e">author.</subfield>
  </datafield>
  <datafield tag="245" ind1="1" ind2="0">
    <subfield code="a">Data mining for bioinformatics /</subfield>
    <subfield code="c">Sumeet Dua, Pradeep Chowriappa.</subfield>
  </datafield>
  <datafield tag="264" ind1=" " ind2="1">
    <subfield code="a">Boca Raton, FL :</subfield>
    <subfield code="b">CRC Press / Taylor &amp; Francis Group,</subfield>
    <subfield code="c">[2013]</subfield>
  </datafield>
  <datafield tag="264" ind1=" " ind2="4">
    <subfield code="c">c2013</subfield>
  </datafield>
  <datafield tag="300" ind1=" " ind2=" ">
    <subfield code="a">xix, 328 pages :</subfield>
    <subfield code="b">illustrations ;</subfield>
    <subfield code="c">24 cm</subfield>
  </datafield>
  <datafield tag="336" ind1=" " ind2=" ">
    <subfield code="2">rdacontent</subfield>
    <subfield code="a">text</subfield>
    <subfield code="b">txt</subfield>
  </datafield>
  <datafield tag="337" ind1=" " ind2=" ">
    <subfield code="a">unmediated</subfield>
    <subfield code="2">rdamedia</subfield>
    <subfield code="b">n</subfield>
  </datafield>
  <datafield tag="338" ind1=" " ind2=" ">
    <subfield code="a">volume</subfield>
    <subfield code="b">nc</subfield>
    <subfield code="2">rdacarrier</subfield>
  </datafield>
  <datafield tag="504" ind1=" " ind2=" ">
    <subfield code="a">Includes bibliographical references and index.</subfield>
  </datafield>
  <datafield tag="520" ind1=" " ind2=" ">
    <subfield code="a">"Data Mining for Bioinformatics enables researchers to meet the challenge of mining vast amounts of biomolecular data to discover real knowledge. Covering theory, algorithms, and methodologies, as well as data mining technologies, the book presents a thorough discussion of data-intensive computations used in data mining applied to bioinformatics. The book explains data mining design concepts to build applications and systems. It shows how to prepare raw data for the mining process and is filled with heuristics that speed the data mining process"--</subfield>
  </datafield>
  <datafield tag="520" ind1=" " ind2=" ">
    <subfield code="a">"PREFACE The flourishing field of bioinformatics has been the catalyst to transform biological research paradigms to extend beyond traditional scientific boundaries. Fueled by technological advancements in data collection, storage and analysis technologies in biological sciences, researchers have begun to increasingly rely on applications of computational knowledge discovery techniques to gain novel biological insight from the data. As we forge into the future of next-generation sequencing technologies, bioinformatics practitioners will continue to design, develop and employ new algorithms, that are efficient, accurate, scalable, reliable and robust to enable knowledge discovery on the projected exponential growth of raw data. To this end, data mining has been and will continue to be vital for analyzing large volumes of heterogeneous, distributed, semi-structured and interrelated data for knowledge discovery. This book is targeted to readers who are interested in the embodiments of data mining techniques, technologies and frameworks, employed for effective storing, analyzing, and extracting knowledge from large databases specifically encountered in a variety of bioinformatics domains, including but not limited to, genomics and proteomics. The book is also designed to give a broad, yet in-depth overview of the application domains of data mining for bioinformatics challenges. The sections of the book are designed to enable readers from both biology and computer science backgrounds gain an enhanced understanding of the cross-disciplinary field. In addition to providing an overview of the area discussed in Section 1, individual chapters of Sections 2, 3 and 4 are dedicated to key concepts of feature extraction, unsupervised learning, and supervised learning techniques"--</subfield>
  </datafield>
  <datafield tag="650" ind1=" " ind2="7">
    <subfield code="a">Bioinformatics.</subfield>
    <subfield code="2">BUEsh</subfield>
    <subfield code="9">5545</subfield>
  </datafield>
  <datafield tag="650" ind1=" " ind2="7">
    <subfield code="a">Data mining.</subfield>
    <subfield code="2">BUEsh</subfield>
    <subfield code="9">27695</subfield>
  </datafield>
  <datafield tag="653" ind1=" " ind2=" ">
    <subfield code="b">COMSCI</subfield>
    <subfield code="c">January2017</subfield>
  </datafield>
  <datafield tag="655" ind1=" " ind2=" ">
    <subfield code="v">Reading book</subfield>
  </datafield>
  <datafield tag="700" ind1="1" ind2=" ">
    <subfield code="a">Chowriappa, Pradeep,</subfield>
    <subfield code="e">author.</subfield>
  </datafield>
  <datafield tag="942" ind1=" " ind2=" ">
    <subfield code="2">ddc</subfield>
    <subfield code="c">BB</subfield>
  </datafield>
  <datafield tag="999" ind1=" " ind2=" ">
    <subfield code="c">23820</subfield>
    <subfield code="d">23792</subfield>
  </datafield>
  <datafield tag="952" ind1=" " ind2=" ">
    <subfield code="0">0</subfield>
    <subfield code="1">0</subfield>
    <subfield code="2">ddc</subfield>
    <subfield code="4">0</subfield>
    <subfield code="7">0</subfield>
    <subfield code="8">Scien. H.</subfield>
    <subfield code="a">MAIN</subfield>
    <subfield code="b">MAIN</subfield>
    <subfield code="c">1ST</subfield>
    <subfield code="d">2017-01-03</subfield>
    <subfield code="e">Purchase</subfield>
    <subfield code="g">795.00</subfield>
    <subfield code="h">2691</subfield>
    <subfield code="l">0</subfield>
    <subfield code="o">572.330285 DUA</subfield>
    <subfield code="p">000040738</subfield>
    <subfield code="r">2025-07-15 00:00:00</subfield>
    <subfield code="v">993.75</subfield>
    <subfield code="w">2017-01-03</subfield>
    <subfield code="y">BB</subfield>
  </datafield>
</record>
